El Palacio de la Diputación Provincial de Barcelona / por Ignacio Rubio y Cambronero
Descripción Física:
132 p. : il., [2] f. ; 24 cm
MARC
| LEADER | 00000nam a2200000Ia 4500 | ||
|---|---|---|---|
| 001 | 836 | ||
| 008 | 160829s1972 xx 000 0 cat d | ||
| 080 | |a B-1-329 | ||
| 100 | 1 | |a Rubio y Cambronero, Ignacio, |d 1895-1973 |9 54602 | |
| 245 | |a El Palacio de la Diputación Provincial de Barcelona / por Ignacio Rubio y Cambronero | ||
| 250 | |a 2a ed., amp. y act. | ||
| 260 | |a Barcelona : |b Diputación Provincial, |c 1972 | ||
| 300 | |a 132 p. : |b il., [2] f. ; |c 24 cm | ||
| 610 | 2 | 0 | |a Palau de la Generalitat de Catalunya |x Història |9 54640 |
| 650 | 0 | |a Arquitectura gòtica |z Barcelona (Catalunya) |9 37346 | |
| 650 | 0 | |a Arquitectura catalana |z Barcelona (Catalunya) |9 29886 | |
| 650 | 0 | |a Palaus |z Catalunya |9 29887 | |
| 710 | 1 | |a Barcelona (Catalunya : Província). |b Diputació |9 52408 | |
| 901 | |a Arxiu | ||
| 942 | |n 1 | ||
| 952 | |0 0 |1 0 |4 0 |6 B1329 |7 1 |9 48195 |a Arxiu |b Arxiu |d 2016-12-01 |l 0 |o B-1-329 |p 836 |r 2016-12-01 00:00:00 |w 2016-12-01 |y ARXIU | ||
| 999 | |c 52001 |d 52001 | ||